| 000 | 00354nam a22001577a 4500 | ||
|---|---|---|---|
| 003 | CEME | ||
| 005 | 20210628205321.0 | ||
| 008 | 210309b xxu||||| |||| 00| 0 eng d | ||
| 040 | _c. | ||
| 082 | _a923.5 ABD'Z | ||
| 100 |
_aAbdul Qayyum _937210 |
||
| 245 | _aZia-ul-haq and i | ||
| 260 |
_aISLAMABAD _bICCTS _c1997 |
||
| 300 | _a74P | ||
| 942 |
_cBK _2ddc |
||
| 999 |
_c580427 _d580427 |
||